Open Data Biblioteca Nacional de Portugal


República Portuguesa: Ministério da Cultura
Biblioteca Nacional de Portugal

Catálogo da BNP: acesso por Identificadores Unívocos
Registos Bibliográficos associados ao registo de autoridade

Etiqueta de registo: 00254ckm 2200109 450
001 1837506
003 http://id.bnportugal.gov.pt/bib/catbnp/1837506
100 ## $a20130422d1962 aemy0pory01030103ba
101 0# $apor
102 ## $aPT
200 1# $aAlbum dos Internacionais do Futebol de todos os tempos$bVisual gráfico]
210 #9 $aLisboa$cAgência Portuguesa de Revistas,$d1962
215 ## $a1 álbum (p. inum., 204 est.)$creprod. fotomec., color.$d34x24 cm (f. de suporte)
300 ## $aÁlbum popularmente designado como"caderneta de cromos"
307 ## $aColecção de estampas (ditas "cromos"), de 8,1x5,8 cm (aprox., cada), com imagens fotográficas de jogadores de futebol, coladas sobre rectângulos desenhados nas folhas de suporte, junto das respectivas notas biográficas
316 ## $aDim. da capa (brochada): 34x24 cm$5PTBN: E.A. 156 A.
512 1# $aInternacionais do Futebol
540 1# $aJogadores de futebol portugueses participantes em torneios internacionais
675 ## $a087.5(084.1)$vmed$zpor$3288233
675 ## $a087.5(=1:469)"19"(084.1)$vBN$zpor$31557998
675 ## $a796.33"1921/1961"(084.1)$vBN$zpor$31531241
675 ## $a796.33(=1:469)"1921/1961"(084.1)$vBN$zpor$31531242
712 02 $aAgência Portuguesa de Revistas$4650$3625
712 02 $aFotogravura Nacional$4610$31416820
801 #0 $aPT$bBN$gRPC
966 ## $lBN$mICONOG$sE.A. 156 A. $x1
997 ## $aBIBEOD

Etiqueta de registo: 00642cas 2200217 450
001 715792
003 http://id.bnportugal.gov.pt/bib/catbnp/715792
100 ## $a19931012b19371937m y0pory01030103ba
101 0# $apor
102 ## $aPT
106 ## $ae
110 ## $aafazz 0uy0
200 1# $aPortugal maior$erevista mensal em rotogravura$fdir. e propr. Pedro Muralha$ged. Foto-Gravura Nacional$gadm. e propr. J. Vicente Sampaio
207 #0 $aNº 1 (1937)
210 #9 $aLisboa$cFoto-Gravura Nacional,$d1937
215 ## $a33 cm
326 ## $aMensal
620 ## $dLisboa
675 ## $a908(469)(051)$vBN$zpor$31331638
702 #1 $aMuralha,$bPedro,$f1878-1946$4300$398136
702 #1 $aSampaio,$bJ. Vicente$4650$3929900
712 02 $aFotogravura Nacional$4650$31416820
801 #0 $aPT$bBN$gRPC
966 ## $lBN$mFGJOR$nNº 1 (Mar. 1937)$sJ. 2917//10 M. $x1
966 ## $lBN$mFGJOR$nNº 1 (Mar. 1937)$sJ. 2920//7 B. $x1

Etiqueta de registo: 00254nkm 2200109 450
001 2186042
003 http://id.bnportugal.gov.pt/bib/catbnp/2186042
100 ## $a20240924d1973 m y0pory01030103ba
101 0# $apor
200 1# $aLisboa, Portugal$bVisual gráfico]
210 #9 $a[S.l.$cs.n.,$dD.L. 1973]$e[Lisboa :$gTip. Fotogravura Nacional])
215 ## $a8 postais$ccolor.$d10,4x15 cm
306 ## $aDatação atribuída em conformidade com o registo de Depósito Legal
327 11 $a"Vista de Lisboa antiga" (P.I. 14769 P., P.I. 14770 P.)$a"Praça do Marquês de Pombal" (P.I. 14771 P.)$a"Praça dos Restauradores" (P.I. 14772 P.)$a"Praça do Comércio" (P.I. 14773 P.)$a"Praça de D. Pedro IV" (P.I. 14774 P.)$a"Mosteiro dos Jerónimos" (P.I. 14775 P.)$a"Miradouro de Santa Luzia" (P.I. 14776 P.)
517 1# $aVista de Lisboa antiga, Lisboa, Portugal
517 1# $aPraça do Marquês de Pombal, Lisboa, Portugal
517 1# $aPraça dos Restauradores, Lisboa, Portugal
517 1# $aPraça do Comércio, Lisboa, Portugal
517 1# $aPraça de D. Pedro IV, Lisboa, Portugal
517 1# $aMosteiro dos Jerónimos, Lisboa, Portugal
517 1# $aMiradouro de Santa Luzia, Lisboa, Portugal
675 ## $a725.94(469.411Lisboa)(084.0)$vBN$zpor$31150459
675 ## $a726.71(469.411Lisboa)Mosteiro dos Jerónimos(084.0)$vBN$zpor$3697822
675 ## $a908(469.411Lisboa)(084.0)$vBN$zpor$31237107
712 02 $aFotogravura Nacional$4610$31416820
801 #0 $aPT$bBN$gRPC
966 ## $lBN$mICONOG$sP.I. 14769 P.$x1
966 ## $lBN$mICONOG$sP.I. 14770 P.$x1
966 ## $lBN$mICONOG$sP.I. 14771 P.$x1
966 ## $lBN$mICONOG$sP.I. 14772 P.$x1
966 ## $lBN$mICONOG$sP.I. 14773 P.$x1
966 ## $lBN$mICONOG$sP.I. 14774 P.$x1
966 ## $lBN$mICONOG$sP.I. 14775 P.$x1
966 ## $lBN$mICONOG$sP.I. 14776 P.$x1
971 ## $csteixeira$d20240924
972 ## $d20241022$vcvalente$e1$z1
976 ## $d20260526$rfpinelo

OpendataBNP@bnportugal.pt | Mais informação sobre acesso aos dados BNP